| 000 | 00721nam a2200229Ia 4500 | ||
|---|---|---|---|
| 005 | 20250507130326.0 | ||
| 008 | 008 250505s9999 xx 000 0 eng d | ||
| 020 | _a9780824825645 | ||
| 037 | _aAnnuals, Advances | ||
| 040 |
_aEASL _beng _cEASL |
||
| 041 |
_aeng _2eng |
||
| 084 |
_aQ.4295, P3 _qEASL |
||
| 100 |
_aClart Philip Ed. _9592135 |
||
| 245 | 0 | _aReligion in Modern Taiwan:Tradition and Innovation in a changing Society | |
| 260 |
_aUSA _bHonolulu University of Hawai'i Press _c2003 |
||
| 300 | _a333p. i-x | ||
| 365 |
_a _b57.00 |
||
| 650 |
_aTaiwan-Religion; Gen _9755175 |
||
| 700 |
_aJones Charles B Ed. _9755176 |
||
| 942 |
_cTEXL _hQ.4295, P3 |
||
| 999 |
_c1319017 _d1319017 |
||